| 000 | 00468nam a2200193Ia 4500 | ||
|---|---|---|---|
| 003 | LK-CoDNM | ||
| 005 | 20240326102042.0 | ||
| 008 | 010623t1955 xxu||||| |||| 00| 1 sin d | ||
| 040 |
_aLK-CoDNM _dLK-CoDNM _eLK-CoDNM |
||
| 041 | _asin | ||
| 080 | _aගි9 | ||
| 100 | _aMaitipe,Sirisena | ||
| 245 | _aඅඹ වනය | ||
| 246 | _aAmba Vanaya | ||
| 260 |
_bCity Printers _aMaharagama _c1955 |
||
| 300 |
_bDamaged _a20p.,21cm |
||
| 650 | _aPoetry | ||
| 942 | _cBK | ||
| 999 |
_c103839 _d103839 |
||